Mobile dev & design

Bibliographic Details
Format: Electronic Newspaper
Language:English
Published: New York : Penton Business Media and Penton Media
Subjects:
Online Access:Full text available from Research Library: 02/11/2010 to 03/06/2013

MARC

LEADER 00000nas a2200000 i 4500
001 ssj0001076653
003 WaSeSS
005 20200512172242.0
006 m d
007 cr n
008 131221c20uu9999nyud| n|s|||||| |0eng d
035 |a (WaSeSS)ssj0001076653 
040 |a WaSeSS  |b eng  |c WaSeSS  |d WaSeSS 
050 1 4 |a TK5105.882 
245 0 0 |a Mobile dev & design  |h [electronic resource]. 
246 1 |a Mobile dev and design 
260 |a New York :  |b Penton Business Media and Penton Media 
310 |a Daily 
506 |a License restrictions may limit access. 
588 |a Description based on: February 11, 2010; title from title screen (ProQuest, viewed Dec. 21, 2013). 
588 |a Latest issue consulted: March 6, 2013 (viewed Dec. 21, 2013). 
650 0 |a Browsers (Computer programs)  |v Periodicals. 
650 0 |a Computers  |v Periodicals. 
655 0 |a Electronic journals. 
856 4 0 |z Full text available from Research Library: 02/11/2010 to 03/06/2013  |u https://search.proquest.com/publication/226451